01797 a2200193 4500003000500000005001700005010001600022040000900038082001200047100002500059245008300084246006100167250001200228260005500240300006000295505121000355650001301565700002501578NUST20230711092800.0 a 00031382 cNust00a530,GIA1 aGiancoli, Douglas C.10aPhysics for scientists & engineers with modern physics /cDouglas C. Giancoli.3 aPhysics for scientists and engineers with modern physics a3rd ed. aUpper Saddle River, N.J. :bPrentice Hall,cc2000. a1172p,. (various pagings) :bill. (some col.) ;c28 cm. aIntroduction, Measurement, Estimating (Page-1), Describing Motion (Page-16), Kinematics in Two Dimensions (Page-45), Dynamics : Newton’s laws of Motion (Page-77), Further Applications of Newton’s Laws (Page-106), Gravitation and Newton’s Synthesis (Page-133), Work and Energy (Page-155), Conservations of Energy(Page-176), inear Momentum and Collisions (Page-206), Rotational Motion About A Fixed Axis (Page-239), General Rotation (Page-279), Static Equilibrium (Page-300), Fluids (Page-332), Oscillations (Page-362), Wave Motion (Page-388), Sound (Page-417),Temperature (Page-445), Kinetic theory of Gases (Page-466), Electric Charge and Electric Field (Page-545), Gauss’s Law (Page-575), Electric Currents (Page-634), DC Circuits (Page-658), Magnetism (Page-686), Source of Magnetics Field (Page-709),Electromagnetic Induction (Page-734), Inductance (Page-756), Light (Page-810), Lenses (Page-836), Wave Nature of Light (Page-866), Diffraction (Page-887), Special Theory of Relativity (Page-916), Early quantum Theory (Page-949), Molecules and Solids (Page-1030), Nuclear Physics (Page-1061), Nuclear Energy (Page-1085), Elementary Particles (Page-1114), Astrophysics and Cosmology (Page-1140). 0aPhysics.1 aGiancoli, Douglas C.